[Event "Madrid 2023-2024ch - Semifinal"]
[Site "Madrid ESP"]
[Date "2024.05.11"]
[Round "6.10"]
[White "Blazquez Sanz, Oscar"]
[Black "Anton Ortiz, Carlos"]
[Result "1-0"]
[WhiteElo "1965"]
[BlackElo "1766"]
[PlyCount "97"]
[EventDate "2024.05.06"]
[EventRounds "7"]
[SourceTitle "AjedrezenMadrid"]
[Source "lmi"]
[SourceDate "2024.05.06"]
[SourceVersion "1"]
[SourceVersionDate "2024.05.12"]
[SourceQuality "1"]

1. e4 c5 2. Nf3 Nc6 3. d4 cxd4 4. Nxd4 Nf6 5. Nc3 d6 6. f3 Bd7 7. Be3 e6 8.
Ndb5 Qb8 9. Qd2 a6 10. Nd4 b5 11. O-O-O b4 12. Nce2 Ne5 13. Ng1 d5 14. Bf4 Bd6
15. exd5 Nd3+ 16. Qxd3 Bxf4+ 17. Kb1 Nxd5 18. g3 Be5 19. Nb3 a5 20. f4 Bf6 21.
Bg2 Bb5 22. Qd2 a4 23. Bxd5 axb3 24. Bxb3 Bc6 25. Nh3 Bxh1 26. Qd7+ Kf8 27.
Rxh1 Qd8 28. Qb5 Qd4 29. c3 bxc3 30. Rc1 cxb2 31. Rd1 Rc8 32. Rxd4 Bxd4 33.
Qb4+ Bc5 34. Qb7 Rd8 35. Kxb2 g6 36. Ng5 Be7 37. Kc2 h6 38. Nf3 g5 39. Ne5 gxf4
40. Nc6 Re8 41. Nxe7 Rxe7 42. Qb8+ Kg7 43. Qxf4 Rc8+ 44. Kb2 Rd8 45. Qg4+ Kh8
46. Qh4 Red7 47. Qxh6+ Kg8 48. h4 Rd2+ 49. Kc1 1-0

[Event "Madrid 2023-2024ch - Semifinal"]
[Site "Madrid ESP"]
[Date "2024.05.11"]
[Round "6.11"]
[White "Cardena Contreras, Javier"]
[Black "Martin Martin, Luis Vicente"]
[Result "1/2-1/2"]
[WhiteElo "1885"]
[BlackElo "1953"]
[PlyCount "115"]
[EventDate "2024.05.06"]
[EventRounds "7"]
[SourceTitle "AjedrezenMadrid"]
[Source "lmi"]
[SourceDate "2024.05.06"]
[SourceVersion "1"]
[SourceVersionDate "2024.05.12"]
[SourceQuality "1"]

1. e4 e6 2. d4 d5 3. Bd3 dxe4 4. Bxe4 Nf6 5. Bf3 c5 6. Ne2 Nc6 7. Be3 Nd5 8.
Bxd5 Qxd5 9. Nbc3 Qc4 10. b3 Qa6 11. dxc5 Be7 12. Qd3 Nb4 13. Qe4 Nc6 14. O-O
Bd7 15. a3 f5 16. Qd3 Qxd3 17. cxd3 Ne5 18. d4 Ng4 19. Bd2 Kf7 20. h3 Nf6 21.
b4 a6 22. Rfe1 Rad8 23. Bf4 Bc6 24. a4 Nd5 25. Nxd5 Bxd5 26. Nc3 Bc4 27. Be5
Rd7 28. b5 Bf6 29. c6 bxc6 30. bxc6 Ra7 31. Rab1 Bxe5 32. Rxe5 Rc7 33. Rc5 Bd3
34. Rb7 Rhc8 35. d5 Ke7 36. Nd1 Kd6 37. Rc3 Be4 38. dxe6 Rxb7 39. cxb7 Bxb7 40.
Rb3 Rc1 41. Rxb7 Rxd1+ 42. Kh2 Kxe6 43. Rxg7 Ra1 44. Rxh7 Rxa4 45. h4 a5 46. g3
Kf6 47. h5 Kg5 48. h6 f4 49. gxf4+ Rxf4 50. Kg3 Rg4+ 51. Kf3 Rh4 52. Ra7 Kxh6
53. Rxa5 Kg6 54. Ke3 Kf6 55. f4 Rh1 56. Ra6+ Kf5 57. Ra8 Rh3+ 58. Kf2 1/2-1/2

[Event "Madrid 2023-2024ch - Semifinal"]
[Site "Madrid ESP"]
[Date "2024.05.11"]
[Round "6.12"]
[White "Sanchez Rodriguez, Jaime"]
[Black "Palomo Monserrat, Lorenzo"]
[Result "1/2-1/2"]
[WhiteElo "1903"]
[BlackElo "1740"]
[PlyCount "158"]
[EventDate "2024.05.06"]
[EventRounds "7"]
[SourceTitle "AjedrezenMadrid"]
[Source "lmi"]
[SourceDate "2024.05.06"]
[SourceVersion "1"]
[SourceVersionDate "2024.05.12"]
[SourceQuality "1"]

1. d4 d5 2. Bg5 h6 3. Bh4 c6 4. Nf3 Qb6 5. Nbd2 Bf5 6. e3 Nd7 7. Qc1 e6 8. c4
Be7 9. c5 Qc7 10. Bg3 Qd8 11. b4 a6 12. a4 Ngf6 13. Be2 O-O 14. h3 Ne4 15. Bh2
Re8 16. O-O Nxd2 17. Qxd2 Bf6 18. Ne5 Bxe5 19. dxe5 a5 20. Rfc1 axb4 21. Qxb4
Qa5 22. Qd4 Qc7 23. f3 Ra5 24. e4 dxe4 25. fxe4 Bg6 26. Rc4 Rd8 27. Rd1 Raa8
28. Qc3 Nf8 29. Rd6 Rd7 30. Bg3 Qa5 31. Qd3 Rxd6 32. exd6 Nd7 33. Qe3 e5 34.
Bg4 Qd8 35. Bxd7 Qxd7 36. Bxe5 Qe6 37. Qd4 f6 38. Bg3 Re8 39. d7 Rd8 40. Bd6
Rxd7 41. a5 Bf7 42. Rb4 Qa2 43. Ra4 Qb1+ 44. Kh2 Qb5 45. Ra1 Qc4 46. Qxc4 Bxc4
47. Kg3 Kf7 48. Kf4 Ke6 49. h4 Rd8 50. Rb1 Bb5 51. h5 Rd7 52. g4 Ba6 53. Re1
Rf7 54. Ke3 Bb5 55. Kd4 Ba4 56. Re3 Bb5 57. Re1 Ba6 58. e5 fxe5+ 59. Bxe5 Rd7+
60. Bd6+ Kf6 61. Re5 Bb5 62. Rf5+ Ke6 63. Re5+ Kf6 64. Ke4 Be2 65. Rf5+ Ke6 66.
Kf4 Bd3 67. Re5+ Kf6 68. Re3 Bc4 69. Re5 Bd3 70. g5+ hxg5+ 71. Rxg5 Rf7 72.
Be5+ Ke6+ 73. Ke3 Rf5 74. Rxf5 Bxf5 75. Bxg7 Kf7 76. h6 Kg8 77. Kf4 Bd3 78. Ke5
Kh7 79. Kd6 Ba6 1/2-1/2

[Event "Madrid 2023-2024ch - Semifinal"]
[Site "Madrid ESP"]
[Date "2024.05.11"]
[Round "6.13"]
[White "Zhao, Yuyang"]
[Black "Lozano Argueso, Cesar"]
[Result "0-1"]
[WhiteElo "1809"]
[BlackElo "1897"]
[PlyCount "68"]
[EventDate "2024.05.06"]
[EventRounds "7"]
[SourceTitle "AjedrezenMadrid"]
[Source "lmi"]
[SourceDate "2024.05.06"]
[SourceVersion "1"]
[SourceVersionDate "2024.05.12"]
[SourceQuality "1"]

1. d4 Nf6 2. Nf3 g6 3. Nc3 d5 4. h4 h5 5. Ne5 Bg7 6. Bf4 O-O 7. f3 c5 8. e3 Nc6
9. Qd2 cxd4 10. exd4 Be6 11. Be2 Qb6 12. O-O-O Rfd8 13. Na4 Qa5 14. Nxc6 Qxd2+
15. Bxd2 bxc6 16. Nc5 Bc8 17. c3 Re8 18. Bd3 Nd7 19. Nxd7 Bxd7 20. Bf4 a5 21.
Rde1 a4 22. Rhg1 c5 23. dxc5 e5 24. Bd2 f5 25. c6 Bxc6 26. g4 e4 27. fxe4 fxe4
28. Bc2 a3 29. b3 hxg4 30. Rxg4 Re6 31. Reg1 Be8 32. h5 Rc8 33. R1g3 Rf6 34.
Kd1 Rf1+ 0-1

[Event "Madrid 2023-2024ch - Semifinal"]
[Site "Madrid ESP"]
[Date "2024.05.11"]
[Round "6.14"]
[White "Calderon Rojo, Borja"]
[Black "Ortega Sanchez Montanez, Marcos"]
[Result "1/2-1/2"]
[WhiteElo "1876"]
[BlackElo "1879"]
[PlyCount "48"]
[EventDate "2024.05.06"]
[EventRounds "7"]
[SourceTitle "AjedrezenMadrid"]
[Source "lmi"]
[SourceDate "2024.05.06"]
[SourceVersion "1"]
[SourceVersionDate "2024.05.12"]
[SourceQuality "1"]

1. e4 c6 2. d4 d5 3. Nc3 dxe4 4. Nxe4 Nf6 5. Nxf6+ exf6 6. c3 Bd6 7. Bd3 O-O 8.
Qf3 Re8+ 9. Ne2 Nd7 10. O-O Nf8 11. Bf4 Be6 12. Bxd6 Qxd6 13. Qg3 Qxg3 14. hxg3
Bf5 15. Nf4 Bxd3 16. Nxd3 Re2 17. Rfe1 Rae8 18. Kf1 Rxe1+ 19. Rxe1 Rxe1+ 20.
Kxe1 Nd7 21. Ke2 Kf8 22. c4 Ke7 23. Ke3 f5 24. b3 f6 1/2-1/2

[Event "Madrid 2023-2024ch - Semifinal"]
[Site "Madrid ESP"]
[Date "2024.05.11"]
[Round "6.15"]
[White "Moya Barba, Diego"]
[Black "Vazquez Gonzalez, Jesus"]
[Result "0-1"]
[WhiteElo "1881"]
[BlackElo "1955"]
[PlyCount "40"]
[EventDate "2024.05.06"]
[EventRounds "7"]
[SourceTitle "AjedrezenMadrid"]
[Source "lmi"]
[SourceDate "2024.05.06"]
[SourceVersion "1"]
[SourceVersionDate "2024.05.12"]
[SourceQuality "1"]

1. d4 d6 2. Nf3 Nf6 3. c4 g6 4. Nc3 Bg7 5. e4 O-O 6. h3 e5 7. d5 a5 8. Be2 Na6
9. Be3 Nh5 10. g3 h6 11. Nd2 Nf6 12. g4 Nh7 13. h4 f5 14. gxf5 gxf5 15. exf5
Bxf5 16. Nde4 Nf6 17. Rg1 Nxe4 18. Bxh6 Qxh4 19. Nxe4 Qxh6 20. Ng3 Nc5 0-1

[Event "Madrid 2023-2024ch - Semifinal"]
[Site "Madrid ESP"]
[Date "2024.05.11"]
[Round "6.16"]
[White "Jafar Hussain, Yaser"]
[Black "Godoy Herrera, Carlos"]
[Result "1-0"]
[WhiteElo "1885"]
[BlackElo "1834"]
[PlyCount "73"]
[EventDate "2024.05.06"]
[EventRounds "7"]
[SourceTitle "AjedrezenMadrid"]
[Source "lmi"]
[SourceDate "2024.05.06"]
[SourceVersion "1"]
[SourceVersionDate "2024.05.12"]
[SourceQuality "1"]

1. d4 Nf6 2. Nf3 d5 3. g3 h6 4. Bg2 e6 5. O-O Bd6 6. c4 c6 7. Nc3 Nbd7 8. b3
O-O 9. Bb2 b6 10. Nd2 Bb7 11. e4 dxe4 12. Ndxe4 Nxe4 13. Nxe4 Be7 14. Rc1 Nf6
15. Qe2 Nxe4 16. Bxe4 Bf6 17. Rfd1 Qe7 18. c5 Rac8 19. f4 Rfd8 20. b4 Rd7 21.
Qe3 Rcd8 22. b5 cxb5 23. c6 Bxc6 24. Bxc6 Rc7 25. Bxb5 Rxc1 26. Qxc1 Qb4 27.
Bf1 Bxd4+ 28. Bxd4 Rxd4 29. Qc8+ Kh7 30. Qc2+ g6 31. Rxd4 Qxd4+ 32. Qf2 Qd5 33.
h3 Qd6 34. Kh2 Kg7 35. Qe3 Kh7 36. Bg2 Qa3 37. Qxa3 1-0

[Event "Madrid 2023-2024ch - Semifinal"]
[Site "Madrid ESP"]
[Date "2024.05.12"]
[Round "7.1"]
[White "Urrutia Gonzalez, Javier"]
[Black "Torres Rebolledo, Alvaro"]
[Result "1/2-1/2"]
[WhiteElo "1983"]
[BlackElo "2100"]
[PlyCount "49"]
[EventDate "2024.05.06"]
[EventRounds "7"]
[SourceTitle "AjedrezenMadrid"]
[Source "lmi"]
[SourceDate "2024.05.06"]
[SourceVersion "1"]
[SourceVersionDate "2024.05.12"]
[SourceQuality "1"]

1. e4 c6 2. Nf3 d5 3. Nc3 dxe4 4. Nxe4 Nf6 5. Qe2 Na6 6. a3 Qd5 7. Nxf6+ gxf6
8. g3 Qe6 9. b4 Nc7 10. Qxe6 Bxe6 11. Bg2 Bd5 12. Bb2 O-O-O 13. d3 Ne6 14. O-O
Rg8 15. c4 Bxf3 16. Bxf3 f5 17. Bh5 Nf4 18. Bxf7 Rg5 19. Be5 Ne2+ 20. Kg2 Nd4
21. h4 Rg4 22. Bh5 Rg8 23. Bf7 Rg4 24. Bh5 Rg8 25. Bf7 1/2-1/2

[Event "Madrid 2023-2024ch - Semifinal"]
[Site "Madrid ESP"]
[Date "2024.05.12"]
[Round "7.2"]
[White "Martinez Fernandez, Raul"]
[Black "Vioque Gonzalez, Nicolas"]
[Result "0-1"]
[WhiteElo "2181"]
[BlackElo "2045"]
[PlyCount "129"]
[EventDate "2024.05.06"]
[EventRounds "7"]
[SourceTitle "AjedrezenMadrid"]
[Source "lmi"]
[SourceDate "2024.05.06"]
[SourceVersion "1"]
[SourceVersionDate "2024.05.12"]
[SourceQuality "1"]

1. e4 e5 2. Nf3 Nc6 3. Bb5 Nf6 4. O-O Bc5 5. c3 O-O 6. d4 Bb6 7. dxe5 Nxe4 8.
Qd5 Nc5 9. b4 Ne7 10. Qd1 Ne4 11. Ng5 d5 12. exd6 Nxd6 13. Bd3 Bf5 14. a4 a5
15. Ra2 h6 16. Bxf5 Nexf5 17. Nh3 Re8 18. Nd2 Qh4 19. Qb3 axb4 20. Nf3 Qg4 21.
cxb4 Re4 22. Bd2 Rae8 23. a5 Ba7 24. b5 Nc4 25. b6 cxb6 26. axb6 Bxb6 27. Bf4
Nd4 28. Nxd4 Bxd4 29. Kh1 Re1 30. Qxc4 Qd1 31. g3 Rxf1+ 32. Kg2 Ree1 33. Qc8+
Kh7 34. Qf5+ g6 35. Qxf7+ Bg7 36. Ra5 Qc2 37. Qxb7 Rb1 38. Qd5 Rfd1 39. Qa8 Qe2
40. Ra7 Qf1+ 41. Kf3 Rb3+ 42. Be3 Rxe3+ 43. Kxe3 Qxh3 44. Qb7 Qe6+ 45. Kf3 Qf5+
46. Kg2 Qd5+ 47. Qxd5 Rxd5 48. g4 g5 49. h4 Rd4 50. hxg5 hxg5 51. f3 Kg6 52.
Ra6+ Bf6 53. Kf2 Kf7 54. Ke3 Be5 55. Ra7+ Ke6 56. Ra6+ Rd6 57. Ra4 Bf4+ 58. Ke4
Rb6 59. Kd4 Be5+ 60. Ke4 Bd6 61. Rc4 Rb1 62. Ra4 Re1+ 63. Kd4 Be5+ 64. Kd3 Bf4
65. Kd4 0-1

[Event "Madrid 2023-2024ch - Semifinal"]
[Site "Madrid ESP"]
[Date "2024.05.12"]
[Round "7.3"]
[White "Lopez de Turiso Sanchez, Jose An"]
[Black "Horcajuelo Rocamora, Martin"]
[Result "0-1"]
[WhiteElo "1943"]
[BlackElo "2242"]
[PlyCount "130"]
[EventDate "2024.05.06"]
[EventRounds "7"]
[SourceTitle "AjedrezenMadrid"]
[Source "lmi"]
[SourceDate "2024.05.06"]
[SourceVersion "1"]
[SourceVersionDate "2024.05.12"]
[SourceQuality "1"]

1. c4 e6 2. Nc3 d5 3. cxd5 exd5 4. d4 Be7 5. Bf4 c6 6. e3 Nf6 7. Bd3 Nbd7 8. h3
Nf8 9. Qc2 Ne6 10. Bh2 O-O 11. Nge2 Re8 12. O-O g6 13. Rab1 Ng7 14. b4 a6 15.
a4 Bf5 16. Bxf5 Nxf5 17. b5 axb5 18. axb5 Bd6 19. bxc6 bxc6 20. Rfc1 Bxh2+ 21.
Kxh2 Nd6 22. Nf4 Nc4 23. Ra1 Qd6 24. Kg1 Nd7 25. Nd3 Ndb6 26. Nc5 f5 27. Ne2
Nd7 28. Nxd7 Qxd7 29. Ra2 Rab8 30. Rb1 Rxb1+ 31. Qxb1 Qc7 32. Ra4 Qe7 33. Qa2
Rb8 34. Ra8 Qb7 35. Rxb8+ Qxb8 36. Nf4 Kg7 37. Ne6+ Kf6 38. Nc5 Qb4 39. Qa8 Kg7
40. Qxc6 Qe1+ 41. Kh2 Nd2 42. Qc7+ Kh6 43. Ne6 Nf1+ 44. Kg1 Nxe3+ 45. Kh2 Nf1+
46. Kg1 Qxe6 47. Kxf1 Qe4 48. Qc5 f4 49. Qf8+ Kh5 50. Qf6 h6 51. g4+ fxg3 52.
fxg3 Qh1+ 53. Kf2 Qh2+ 54. Kf3 Qxh3 55. Kf4 Qf1+ 56. Ke5 Qxf6+ 57. Kxf6 Kg4 58.
Ke5 Kxg3 59. Kxd5 h5 60. Ke5 h4 61. d5 h3 62. d6 h2 63. d7 h1=Q 64. d8=Q Qh5+
65. Ke6 Qf5+ 0-1

[Event "Madrid 2023-2024ch - Semifinal"]
[Site "Madrid ESP"]
[Date "2024.05.12"]
[Round "7.4"]
[White "Garcia Dorado, Alberto"]
[Black "Martin Rodriguez, Emilio"]
[Result "1/2-1/2"]
[WhiteElo "2199"]
[BlackElo "2037"]
[PlyCount "106"]
[EventDate "2024.05.06"]
[EventRounds "7"]
[SourceTitle "AjedrezenMadrid"]
[Source "lmi"]
[SourceDate "2024.05.06"]
[SourceVersion "1"]
[SourceVersionDate "2024.05.12"]
[SourceQuality "1"]

1. Nf3 d5 2. c4 c6 3. d4 Nf6 4. Nc3 g6 5. cxd5 cxd5 6. Bf4 Nc6 7. e3 Bg7 8. h3
O-O 9. Be2 Qb6 10. a3 Ne4 11. Na4 Qd8 12. O-O f6 13. Rc1 e5 14. Bh2 Be6 15. Qb3
Qe7 16. Rfd1 Rac8 17. Qa2 exd4 18. Nxd4 Nxd4 19. exd4 Bh6 20. Rxc8 Rxc8 21. Bd3
Qd7 22. Qb3 Nd2 23. Qb5 Nc4 24. Qb3 b6 25. Nc3 Bf8 26. Ne2 Na5 27. Qa2 Bd6 28.
Nf4 Bf7 29. b4 Nc4 30. Qb3 b5 31. Be2 Qc7 32. g3 Bxf4 33. gxf4 f5 34. Bd3 Re8
35. Qc3 Qe7 36. Bg3 a6 37. Ra1 Kg7 38. Kg2 h5 39. h4 Kf6 40. Kh2 Qa7 41. a4 Qc7
42. axb5 axb5 43. Ra6+ Kg7 44. Ra5 Qb7 45. Ra1 Ra8 46. Rxa8 Qxa8 47. Qb3 Qa1
48. Bxc4 dxc4 49. Qe3 c3 50. Qe5+ Kg8 51. Qb8+ Kh7 52. Qc7 Kg8 53. Qb8+ Kh7
1/2-1/2

[Event "Madrid 2023-2024ch - Semifinal"]
[Site "Madrid ESP"]
[Date "2024.05.12"]
[Round "7.5"]
[White "De Vicente Guijarro, Juan"]
[Black "Rios Rebollo, Victor"]
[Result "1/2-1/2"]
[WhiteElo "1872"]
[BlackElo "2039"]
[PlyCount "77"]
[EventDate "2024.05.06"]
[EventRounds "7"]
[SourceTitle "AjedrezenMadrid"]
[Source "lmi"]
[SourceDate "2024.05.06"]
[SourceVersion "1"]
[SourceVersionDate "2024.05.12"]
[SourceQuality "1"]

1. e4 e6 2. d4 d5 3. exd5 exd5 4. c4 Nf6 5. Nc3 Be7 6. Bd3 O-O 7. Nge2 dxc4 8.
Bxc4 Nbd7 9. O-O Nb6 10. Bb3 Bg4 11. f3 Bf5 12. Be3 Nbd5 13. Bf2 c6 14. Qd2 Be6
15. Rad1 Qd7 16. Rfe1 Rfe8 17. Ng3 h6 18. Nge4 b6 19. Kh1 Rac8 20. Kg1 Bb4 21.
Bh4 Nh7 22. Bf2 Nhf6 23. Bh4 Nh7 24. Bf2 Nf8 25. Kh1 Ng6 26. Bg3 Rcd8 27. h4
Nge7 28. Bf2 f5 29. Ng3 Ng6 30. Nge2 Be7 31. g3 Bf6 32. Kg2 Qf7 33. Qc1 Nb4 34.
h5 Nf8 35. Bxe6 Nxe6 36. a3 Na6 37. d5 cxd5 38. Nxd5 Nec5 39. Nef4 1/2-1/2

[Event "Madrid 2023-2024ch - Semifinal"]
[Site "Madrid ESP"]
[Date "2024.05.12"]
[Round "7.6"]
[White "Perez Diez, Victor"]
[Black "Gutierrez Diaz, Pablo"]
[Result "0-1"]
[WhiteElo "2012"]
[BlackElo "1994"]
[PlyCount "68"]
[EventDate "2024.05.06"]
[EventRounds "7"]
[SourceTitle "AjedrezenMadrid"]
[Source "lmi"]
[SourceDate "2024.05.06"]
[SourceVersion "1"]
[SourceVersionDate "2024.05.12"]
[SourceQuality "1"]

1. e4 c5 2. Nc3 Nc6 3. g3 g6 4. Bg2 Bg7 5. d3 Nf6 6. h3 a6 7. Be3 d6 8. Qd2 Nd4
9. Nce2 e5 10. c3 Ne6 11. f4 Bh6 12. f5 Bxe3 13. Qxe3 Nf8 14. g4 Qb6 15. Rb1 h6
16. Nf3 g5 17. O-O N8d7 18. b4 cxb4 19. d4 a5 20. Kh2 d5 21. exd5 Nxd5 22. Qd2
e4 23. Nfg1 bxc3 24. Nxc3 Qc7+ 25. Kh1 Qxc3 26. Qe2 O-O 27. Qxe4 N7f6 28. Qe5
Re8 29. Qd6 Ra6 30. Qh2 Qxd4 31. Rbd1 Qe5 32. Qxe5 Rxe5 33. Nf3 Re2 34. Ng1
Rxg2 0-1

[Event "Madrid 2023-2024ch - Semifinal"]
[Site "Madrid ESP"]
[Date "2024.05.12"]
[Round "7.8"]
[White "Pashov, Spas Nikolov"]
[Black "San Vicente Crespo, Pablo"]
[Result "1-0"]
[WhiteElo "1893"]
[BlackElo "1926"]
[PlyCount "107"]
[EventDate "2024.05.06"]
[EventRounds "7"]
[SourceTitle "AjedrezenMadrid"]
[Source "lmi"]
[SourceDate "2024.05.06"]
[SourceVersion "1"]
[SourceVersionDate "2024.05.12"]
[SourceQuality "1"]

1. e4 c5 2. Nf3 Nc6 3. Bb5 Nf6 4. Bxc6 dxc6 5. Nc3 Qc7 6. h3 e5 7. d3 h6 8. Be3
Be6 9. Qe2 Be7 10. a4 g5 11. Nh2 Nd7 12. g4 Nf8 13. f3 Ng6 14. Nf1 Nf4 15. Qf2
Qa5 16. Bd2 Qc7 17. Ng3 O-O-O 18. b3 Bxb3 19. Bxf4 exf4 20. cxb3 fxg3 21. Qc2
Bf6 22. O-O Bd4+ 23. Kg2 h5 24. Rh1 Qe5 25. Rac1 hxg4 26. fxg4 Rd6 27. Ne2 Rf6
28. Rcf1 Rxf1 29. Rxf1 Bf2 30. Ng1 Rh6 31. Qd2 Rd6 32. Rd1 Rf6 33. Nf3 Qf4 34.
Qxf4 gxf4 35. h4 b5 36. g5 Rd6 37. h5 c4 38. bxc4 bxc4 39. h6 cxd3 40. Ne5 Rd8
41. Nxf7 Rf8 42. Rxd3 Be3 43. g6 f3+ 44. Kxg3 f2 45. g7 Rg8 46. Kg2 Bxh6 47.
Nxh6 Rxg7+ 48. Kxf2 Rb7 49. e5 Rb4 50. Kf3 Rxa4 51. e6 Ra1 52. e7 Re1 53. Rd8+
Kc7 54. e8=Q 1-0

[Event "Madrid 2023-2024ch - Semifinal"]
[Site "Madrid ESP"]
[Date "2024.05.12"]
[Round "7.9"]
[White "Lozano Argueso, Cesar"]
[Black "Cardena Contreras, Javier"]
[Result "1-0"]
[WhiteElo "1897"]
[BlackElo "1885"]
[PlyCount "57"]
[EventDate "2024.05.06"]
[EventRounds "7"]
[SourceTitle "AjedrezenMadrid"]
[Source "lmi"]
[SourceDate "2024.05.06"]
[SourceVersion "1"]
[SourceVersionDate "2024.05.12"]
[SourceQuality "1"]

1. e4 c5 2. Nf3 Nf6 3. e5 Nd5 4. Nc3 e6 5. Nxd5 exd5 6. d4 Nc6 7. c3 Qb6 8. Bd3
cxd4 9. O-O dxc3 10. bxc3 Be7 11. Re1 O-O 12. Bc2 d6 13. exd6 Bxd6 14. Ng5 g6
15. Qxd5 Ne7 16. Qf3 Kg7 17. Be3 Bc5 18. Rab1 Qc7 19. Bf4 Qc6 20. Be4 Qf6 21.
Bxb7 Bxb7 22. Rxb7 Kg8 23. Ne4 Qe6 24. Bg5 Kg7 25. Bf6+ Kg8 26. Bxe7 f5 27.
Nf6+ Rxf6 28. Rxe6 Rxe6 29. Qd5 1-0

[Event "Madrid 2023-2024ch - Semifinal"]
[Site "Madrid ESP"]
[Date "2024.05.12"]
[Round "7.10"]
[White "Ortega Sanchez Montanez, Marcos"]
[Black "Pavon Mestras, Luis"]
[Result "0-1"]
[WhiteElo "1879"]
[BlackElo "1885"]
[PlyCount "106"]
[EventDate "2024.05.06"]
[EventRounds "7"]
[SourceTitle "AjedrezenMadrid"]
[Source "lmi"]
[SourceDate "2024.05.06"]
[SourceVersion "1"]
[SourceVersionDate "2024.05.12"]
[SourceQuality "1"]

1. d4 d5 2. c4 dxc4 3. Nf3 Nf6 4. e3 e6 5. Bxc4 c5 6. O-O a6 7. dxc5 Qxd1 8.
Rxd1 Bxc5 9. Be2 b5 10. Nbd2 Bb7 11. Nb3 Bb6 12. Nbd4 O-O 13. b3 Nbd7 14. Bb2
Nc5 15. Ne5 Rac8 16. Rac1 Rfd8 17. Ba3 Nfd7 18. Bxc5 Rxc5 19. Ndc6 Rxc1 20.
Rxc1 Nxe5 21. Nxd8 Bxd8 22. f4 Ng6 23. Bf3 Bb6 24. Re1 Bxf3 25. gxf3 Kf8 26.
Kf1 Ne7 27. e4 Bc7 28. Rd1 Ke8 29. e5 Nd5 30. Rd4 Bb6 31. Rd2 Be3 32. Rc2 Kd7
33. f5 exf5 34. Ke2 f4 35. a3 a5 36. Kd3 b4 37. a4 Nc3 38. Rg2 g6 39. h3 Ke6
40. h4 Kxe5 41. Kc4 h6 42. Rg4 Kf5 43. Rg2 f6 44. Rh2 h5 45. Rg2 g5 46. hxg5
fxg5 47. Kd3 g4 48. fxg4+ hxg4 49. Rh2 g3 50. Rg2 Kg4 51. Rc2 Kh3 52. Rc1 Bxc1
53. Kc2 g2 0-1

[Event "Madrid 2023-2024ch - Semifinal"]
[Site "Madrid ESP"]
[Date "2024.05.12"]
[Round "7.11"]
[White "Anton Ortiz, Carlos"]
[Black "Bravo De La Vega, Alvaro"]
[Result "0-1"]
[WhiteElo "1766"]
[BlackElo "2027"]
[PlyCount "70"]
[EventDate "2024.05.06"]
[EventRounds "7"]
[SourceTitle "AjedrezenMadrid"]
[Source "lmi"]
[SourceDate "2024.05.06"]
[SourceVersion "1"]
[SourceVersionDate "2024.05.12"]
[SourceQuality "1"]

1. d4 Nf6 2. c4 g6 3. Nf3 Bg7 4. g3 O-O 5. Bg2 d6 6. O-O Nc6 7. Nc3 a6 8. Qc2
Rb8 9. Rd1 Na5 10. Nd5 b5 11. Nxf6+ Bxf6 12. Bh6 Bg7 13. Bxg7 Kxg7 14. Nd2 Nxc4
15. Nxc4 bxc4 16. Qxc4 Rxb2 17. Rab1 Rxb1 18. Rxb1 e5 19. dxe5 dxe5 20. Rc1 Qd2
21. Qxc7 Qxe2 22. Bf1 Qe4 23. Bg2 Qd4 24. Re1 Re8 25. Bc6 Qc3 26. Rd1 Bg4 27.
Qb7 Rb8 28. Qxb8 Bxd1 29. Qb7 Be2 30. h4 Qe1+ 31. Kh2 Qxf2+ 32. Bg2 Bf1 33. Qd5
Qxg2+ 34. Qxg2 Bxg2 35. Kxg2 f5 0-1

[Event "Madrid 2023-2024ch - Semifinal"]
[Site "Madrid ESP"]
[Date "2024.05.12"]
[Round "7.13"]
[White "Vazquez Gonzalez, Jesus"]
[Black "Jafar Hussain, Yaser"]
[Result "1-0"]
[WhiteElo "1955"]
[BlackElo "1885"]
[PlyCount "91"]
[EventDate "2024.05.06"]
[EventRounds "7"]
[SourceTitle "AjedrezenMadrid"]
[Source "lmi"]
[SourceDate "2024.05.06"]
[SourceVersion "1"]
[SourceVersionDate "2024.05.12"]
[SourceQuality "1"]

1. e4 e5 2. Nf3 Nf6 3. Nc3 Nc6 4. a3 d6 5. h3 h6 6. d4 Bd7 7. Bc4 exd4 8. Nxd4
Ne5 9. Ba2 g5 10. f4 gxf4 11. Bxf4 Rg8 12. Qe2 Qe7 13. O-O-O Ng6 14. Bh2 O-O-O
15. Rhe1 h5 16. Ndb5 Bxb5 17. Nxb5 a6 18. Nd4 Re8 19. Nf5 Qd7 20. Qc4 Ne5 21.
Bxe5 Rxe5 22. Qd4 b6 23. Bc4 b5 24. Qa7 Qc6 25. Bd5 Nxd5 26. exd5 Qb7 27. Qf2
Qb6 28. Qf3 Kb7 29. Rxe5 dxe5 30. d6+ Qc6 31. d7 Bd6 32. Qxc6+ Kxc6 33. Rxd6+
cxd6 34. Ne7+ Kxd7 35. Nxg8 Ke6 36. g4 hxg4 37. hxg4 f5 38. gxf5+ Kxf5 39. Ne7+
Ke6 40. Nc6 d5 41. b4 d4 42. Nb8 Kd5 43. Nxa6 Kc4 44. Nc5 Kc3 45. Ne4+ Kc4 46.
Nd6+ 1-0

[Event "Madrid 2023-2024ch - Semifinal"]
[Site "Madrid ESP"]
[Date "2024.05.12"]
[Round "7.14"]
[White "Martin Martin, Luis Vicente"]
[Black "Sanchez Rodriguez, Jaime"]
[Result "1-0"]
[WhiteElo "1953"]
[BlackElo "1903"]
[PlyCount "115"]
[EventDate "2024.05.06"]
[EventRounds "7"]
[SourceTitle "AjedrezenMadrid"]
[Source "lmi"]
[SourceDate "2024.05.06"]
[SourceVersion "1"]
[SourceVersionDate "2024.05.12"]
[SourceQuality "1"]

1. d4 d5 2. Bf4 e6 3. e3 Bd6 4. Bxd6 cxd6 5. Nf3 Nf6 6. c4 Nc6 7. Nc3 O-O 8.
cxd5 Nxd5 9. Nxd5 exd5 10. Be2 Be6 11. O-O f5 12. Qd2 Qf6 13. Rac1 g5 14. g3
Rae8 15. Rfd1 f4 16. exf4 gxf4 17. gxf4 Bg4 18. Rc3 Re4 19. Kh1 Kh8 20. Rg1
Rxf4 21. Rg3 Nxd4 22. Nxd4 Rxd4 23. Rcd3 Rxd3 24. Bxd3 Bf3+ 25. Kg1 Be4 26. Kf1
h5 27. Re3 Qf4 28. Bxe4 dxe4 29. Qd4+ Qe5 30. Rxe4 Qxd4 31. Rxd4 Rf6 32. Rd5
Rh6 33. h4 Kg7 34. Rg5+ Kf7 35. Ke2 Rh7 36. Ke3 Kf6 37. f4 Re7+ 38. Kd3 Rh7 39.
Kd4 a6 40. Kd5 Ke7 41. f5 a5 42. f6+ Kxf6 43. Kxd6 b6 44. Kc6 Rh8 45. b3 a4 46.
b4 Rc8+ 47. Kb5 a3 48. Rg3 Kf5 49. Kxb6 Rc2 50. Rxa3 Kg4 51. Ra8 Kxh4 52. a4
Kg3 53. a5 h4 54. a6 h3 55. Rh8 h2 56. a7 Ra2 57. b5 Kg2 58. Kb7 1-0

[Event "Madrid 2023-2024ch - Semifinal"]
[Site "Madrid ESP"]
[Date "2024.05.12"]
[Round "7.15"]
[White "Palomo Monserrat, Lorenzo"]
[Black "Alvarez Abejon, Amilcar"]
[Result "1-0"]
[WhiteElo "1740"]
[BlackElo "1924"]
[PlyCount "59"]
[EventDate "2024.05.06"]
[EventRounds "7"]
[SourceTitle "AjedrezenMadrid"]
[Source "lmi"]
[SourceDate "2024.05.06"]
[SourceVersion "1"]
[SourceVersionDate "2024.05.12"]
[SourceQuality "1"]

1. d4 Nf6 2. c4 e6 3. Nf3 d5 4. Nc3 Be7 5. Bg5 h6 6. Bh4 O-O 7. e3 dxc4 8. Bxc4
c5 9. O-O cxd4 10. exd4 Nc6 11. a3 Nh5 12. Bxe7 Nxe7 13. Ne5 Nf6 14. Re1 Ned5
15. Bb3 Bd7 16. Nxd5 Nxd5 17. Bxd5 exd5 18. Qb3 Bc6 19. Rac1 Rc8 20. Re3 Re8
21. Rce1 Qa5 22. Qd1 Re6 23. Nxf7 Rxe3 24. Nxh6+ gxh6 25. Qg4+ Kh7 26. Qf5+ Kg7
27. Rxe3 Qc7 28. Rg3+ Kh8 29. Qf6+ Kh7 30. Qg6+ 1-0